000 00550nam a22001697a 4500
005 20231130103414.0
008 231130b |||||||| |||| 00| 0 eng d
020 _a0465016146
041 _aEnglish
082 _a330.12 DES
100 _aDe Soto, H
_lEnglish
245 _aThe Mystery of Capital :
_bWhy Capitalism Triumphs in the West and Fails Everywhere Else /
_cH De Soto
260 _aNew York :
_bBasic Books,
_c2000
300 _b276 pages ;
_c26 cm.
650 _aLegal practice
_bLaw
942 _cBK
_6ALISON_BN_VRIES
999 _c1087
_d1087